| 000 | 00000nam 2200000zi 4500 |
| 001 | 9.954429 |
| 003 | CaOODSP |
| 005 | 20250822163708 |
| 006 | m o d f |
| 007 | cr mn||||||||| |
| 008 | 250822t20252025onca o f000 0 vie d |
| 020 | |a9780660761978 |
| 040 | |aCaOODSP|bfre|erda|cCaOODSP |
| 043 | |an-cn--- |
| 086 | 1 |aH14-619/2025Vie-PDF |
| 245 | 00|aBản thông tin về bệnh sởi. |
| 250 | |a[Édition vietnamienne]. |
| 264 | 1|a[Ottawa] : |b[Santé Canada = Health Canada], |c[2025] |
| 264 | 4|c©2025 |
| 300 | |a1 ressource en ligne (2 pages non numérotées) : |billustrations |
| 336 | |atexte|btxt|2rdacontent/fre |
| 337 | |ainformatique|bc|2rdamedia/fre |
| 338 | |aressource en ligne|bcr|2rdacarrier/fre |
| 500 | |aTitre de départ. |
| 500 | |aPublié aussi en français sous le titre : Feuillet de renseignements sur la rougeole. |
| 546 | |aTexte en vietnamien. |
| 650 | 6|aRougeole|zCanada. |
| 650 | 6|aRougeole|xFacteurs de risque|zCanada. |
| 710 | 1 |aCanada. |bSanté Canada, |eorganisme de publication. |
| 775 | 08|tFeuillet de renseignements sur la rougeole.|w(CaOODSP)9.938317 |
| 788 | |tBản thông tin về bệnh sởi.|eeng|w(CaOODSP)9.948761 |
| 856 | 40|qPDF|s338 Ko|uhttps://publications.gc.ca/collections/collection_2025/sc-hc/H14-619-2025-vie.pdf |
| 986 | |a240934 |